| 000 | 00358nam a2200133Ia 4500 | ||
|---|---|---|---|
| 005 | 20251222153610.0 | ||
| 008 | 251222s9999||||xx |||||||||||||| ||spa|| | ||
| 020 | _a8495545063 | ||
| 082 | _a345.794.5/D76 | ||
| 245 | 0 | _aInstituciones del Nuevo Proceso Civil: | |
| 250 | _a1ra. ed. | ||
| 264 | _bDifusión JurÃdica y Temas de Actualidad, S.A. | ||
| 942 | _cLIB | ||
| 999 |
_c31567 _d31567 |
||